Psychology of relaxation (Record no. 396166)
[ view plain ]
| 000 -LEADER | |
|---|---|
| fixed length control field | 00493 a2200193 4500 |
| 005 - DATE & TIME | |
| control field | 20260318090333.0 |
| 008 - FIXED-LENGTH DATA ELEMENTS--GENERAL INFORMATION | |
| fixed length control field | 260316b |||||||| |||| 00| 0 eng d |
| 020 ## - ISBN | |
| International Standard Book Number | 9788195226078 |
| Price | Rs. 995.00 |
| 040 ## - CATALOGING SOURCE | |
| Original cataloging agency | VIVEKANANDA LIBRARY |
| 082 ## - DDC NUMBER | |
| Classification number | 158.12 |
| Book Number | P275P |
| 100 ## - MAIN ENTRY--PERSONAL NAME | |
| Personal name | Patrick, G T W |
| 245 ## - TITLE STATEMENT | |
| Title | Psychology of relaxation |
| 260 ## - PUBLICATION, DISTRIBUTION, ETC. (IMPRINT) | |
| Place of publication, distribution, etc | Delhi |
| Name of publisher, distributor, etc | Psycho Information Technologies |
| Date of publication, distribution, etc | 2022 |
| 300 ## - PHYSICAL DESCRIPTION | |
| Pages | 201 |
| 650 ## - Subject | |
| Subject | Psychology |
| 650 ## - Subject | |
| Subject | Applied Psychology |
| 650 ## - Subject | |
| Subject | Relaxation |
| 942 ## - ADDED ENTRY ELEMENTS (KOHA) | |
| Koha item type | Books |
| Withdrawn status | Lost status | Source of classification or shelving scheme | Damaged status | Not for loan | Location (home branch) | Sublocation or collection (holding branch) | Shelving location | Date acquired | Koha issues (times borrowed) | Koha full call number | Accession No. | Koha date last seen | Koha item type |
|---|---|---|---|---|---|---|---|---|---|---|---|---|---|
| Dewey Decimal Classification | VIVEKANANDA LIBRARY | VIVEKANANDA LIBRARY | Vivekananda Library | 19/02/2026 | 158.12 P275P | 438488 | 19/02/2026 | Books | |||||
| Dewey Decimal Classification | VIVEKANANDA LIBRARY | VIVEKANANDA LIBRARY | Vivekananda Library | 19/02/2026 | 158.12 P275P | 438489 | 19/02/2026 | Books |
